Nebráňme sa zmenkovej a akreditívnej úprave

Stručná história zmenky. Charakteristika zmenky. Zmenky: 1. vlastná zmenka, 2. cudzia zmenka. Použitie zmenky v obchodnom styku. Zmenky a úvery. Zmluva o otvorení akreditívu. Legislatíva.

Gespeichert in:
Bibliographische Detailangaben
1. Verfasser: Fröhlichová, M.
Format: Buchkapitel
Sprache:Slowakisch
Schlagworte:
Tags: Tag hinzufügen
Keine Tags, Fügen Sie das erste Tag hinzu!

MARC

LEADER 00000naa a2200000 4500
001 r000893
005 20221213122748.3
041 0 |a slo 
044 |a SK 
245 1 0 |a Nebráňme sa zmenkovej a akreditívnej úprave  |c M. Fröhlichová 
520 |a Stručná história zmenky. Charakteristika zmenky. Zmenky: 1. vlastná zmenka, 2. cudzia zmenka. Použitie zmenky v obchodnom styku. Zmenky a úvery. Zmluva o otvorení akreditívu. Legislatíva. 
610 2 0 |a zmenky 
610 2 0 |a akreditívy 
610 2 0 |a družstvá 
610 2 0 |a zákony 
100 1 |a Fröhlichová, M.